000 00214nam a2200085Ia 4500
245 0 _aMoto X
100 _a HUDAK, Heather C. New York, 2009
_981549
942 _cBK
008 210819s9999 xx 000 0 und d
999 _c290969
_d290968